Statistics for Most Famous Countries of the World

Click here to take the quiz!

General Stats

  • This quiz has been taken 298 times
  • The average score is 16 of 20

Answer Stats

#Country% Correct
1United States
99%
5China
97%
4France
97%
10Russia
97%
20Brazil
95%
12Canada
94%
13Spain
94%
9Australia
93%
7Germany
93%
16Italy
93%
6Japan
93%
2India
92%
3United Kingdom
88%
17Egypt
82%
21New Zealand
71%
19Greece
70%
14South Korea
70%
11Pakistan
50%
8Philippines
37%
18Singapore
27%

Score Distribution

Percentile by Number Answered

Percent of People with Each Score

Your Score History

You have not taken this quiz